Padesát jednominutových typů úspěšné komunikace Techniky pro účinnější porady, písemná sdělení a vystoupení
Enregistré dans:
| Auteur principal: | |
|---|---|
| Autres auteurs: | |
| Format: | Livre |
| Langue: | tchèque allemand |
| Publié: |
Praha
Linde, a.s.
1993
|
| Sujets: | |
| Accès en ligne: | Voir à l'OPAC |
| Tags: |
Pas de tags, Soyez le premier à ajouter un tag!
|
MARC
| LEADER | 00000nam a2200000 a 4500 | ||
|---|---|---|---|
| 005 | 20260127134154.0 | ||
| 008 | 081122s1993 xo cze d | ||
| 020 | |a 8085647230 (brož.) |c 125.00 | ||
| 035 | |a vtls009422049 | ||
| 035 | |a BJKDG14554 | ||
| 039 | 9 | |a 200902111052 |b mschk03 |y 200811221730 |z VLOAD | |
| 040 | |a BJKDG |b slo |c BJKDG |d STUSCHK1 | ||
| 041 | 1 | |a cze |h ger | |
| 080 | |a 339.1.012.23 | ||
| 100 | 1 | |a Bozek, Philip | |
| 240 | 1 | |a 50 Ein-Minuten-Tips für erfolreichere Kommunikation | |
| 245 | 1 | |a Padesát jednominutových typů úspěšné komunikace |b Techniky pro účinnější porady, písemná sdělení a vystoupení |c Philip Bozek ; [z nemeckého originálu 50 Ein-Minuten-Tips für erfolreichere Kommunikation prel. Josef Spal] | |
| 260 | |a Praha |b Linde, a.s. |c 1993 | ||
| 300 | |a 101 s. brož. | ||
| 650 | 0 | 7 | |a manažment |2 BJKDG |
| 700 | 1 | |a Spal, Josef |4 trl | |
| 765 | 0 | |t 50 Ein-Minuten-Tips für erfolreichere Kommunikation |a Bozek, Philip | |
| 910 | |a bjkdg | ||
| 910 | |a SCHK95 | ||
| 919 | |a 80-85647-23-0 | ||
| 999 | |c 5784 |d 5784 | ||
| 942 | 0 | 0 | |0 1 |